|
|
|
|
| LEADER |
00000nam a22000007i 4500 |
| 001 |
IT\ICCU\UBO\3971132 |
| 003 |
ItRI |
| 005 |
20260115231820.0 |
| 008 |
121025s1997 xxk|||||| ||||| |||||c |
| 020 |
|
|
|a 070438048X
|
| 040 |
|
|
|b ita
|c importazione bologna sebina
|
| 041 |
|
7 |
|a eng
|2 ISO-639-2
|
| 100 |
1 |
|
|a Sweet, Lucy
|0 IT\ICCU\UBOV\345380
|
| 245 |
1 |
0 |
|a Unskinny /
|c cartoons by Lucy Sweet.
|
| 260 |
|
|
|a London :
|b Quartet,
|c 1997
|
| 300 |
|
|
|a 1 v. :
|b in gran parte ill. ;
|c 20x20 c
|
| 500 |
|
|
|a Senza paginazione.
|
| 942 |
|
|
|2 ddc
|c BK
|n 0
|
| 952 |
|
|
|0 0
|1 0
|4 0
|6 F_741_594000000000000_SWE
|7 0
|9 13375
|a BO
|b BO
|d 2026-01-15
|i 14145
|l 0
|o F 741.594 SWE
|p BO14145
|r 2026-01-15 23:18:20
|w 2026-01-15
|x [Sebina 5] [1 v.]
|y BK
|z 1 v.
|
| 999 |
|
|
|c 11489
|d 11489
|